| 000 | 00487 a2200133 4500 | ||
|---|---|---|---|
| 000 | nam a22 7a 4500 | ||
| 100 | _aBhardwaj, Chandra Shekhar | ||
| 110 | _aBhardwaj, Chandra Shekhar | ||
| 245 | _aइतिहास लेखन के सिद्धांत एवं पद्धतियाँ- Principles and Methods of Historiography | ||
| 250 | _aLatest edition | ||
| 260 |
_bVishav bharti publication _c2026 |
||
| 264 |
_bVishav bharti publication _c2026 |
||
| 942 | _cBK | ||
| 999 |
_c395992 _d395992 |
||